[Event "Steinfurt CupT fin"]
[Site "Neuenkirchen"]
[Date "2009.12.13"]
[Round "1.1"]
[White "Freitag, Julia"]
[Black "Seegers, Hendrik"]
[Result "0-1"]
[WhiteElo "2037"]
[BlackElo "2157"]
[PlyCount "116"]
[EventDate "2009.12.13"]
[EventType "team-k.o."]
[EventRounds "1"]
[EventCountry "GER"]
[SourceTitle "EXT 2012"]
[Source "ChessBase"]
[SourceDate "2011.11.24"]
[SourceVersion "1"]
[SourceVersionDate "2011.11.24"]
[SourceQuality "1"]
[WhiteTeam "Steinfurt"]
[BlackTeam "Neuenkirchen"]
[WhiteTeamCountry "GER"]
[BlackTeamCountry "GER"]

1. d4 g6 2. e3 Bg7 3. f4 Nf6 4. Nf3 0-0 5. c3 d6 6. Bc4 b6 7. 0-0 Bb7 8. Nbd2 Nbd7 9. Qe1 e6 10. Qh4 Ne4 11. Qh3 Ndf6 12. g4 Qe7 13. Bd3 Nxd2 14. Bxd2 Rfe8 15. Rae1 Be4 16. Bxe4 Nxe4 17. Re2 f5 18. Rg2 Nf6 19. gxf5 exf5 20. Ng5 Bh8 21. Kh1 Ne4 22. Nf3 Qf7 23. Rfg1 Bg7 24. a3 Qd5 25. Be1 Re6 26. Nh4 Rf6 27. Nf3 Re8 28. Re2 Rfe6 29. Qg2 Nf6 30. Bd2 Bh6 31. c4 Qxc4 32. Nh4 Qd5 33. Qxd5 Nxd5 34. Ree1 Kf7 35. Ng2 Nf6 36. b4 R8e7 37. Re2 Ke8 38. Rc1 Nd5 39. Ree1 Bg7 40. Kg1 b5 41. Kf1 Nb6 42. Rc2 Nc4 43. a4 a6 44. Rec1 Kd8 45. Rxc4 bxc4 46. Rxc4 Kc8 47. Ne1 Bf6 48. Nf3 Rxe3 49. Bxe3 Rxe3 50. Kf2 Rb3 51. Nd2 Rd3 52. Nf3 d5 53. Rc5 Bxd4+ 54. Nxd4 Rxd4 55. Ke3 Re4+ 56. Kd3 Rxb4 57. a5 Rxf4 58. Rxd5 Rh4 0-1

[Event "BL2 West 0910 (Women)"]
[Site "Germany"]
[Date "2009.12.05"]
[Round "3.1"]
[White "Freitag, Julia"]
[Black "Bluebaum, Johanna"]
[Result "1-0"]
[WhiteElo "2202"]
[BlackElo "1963"]
[PlyCount "85"]
[EventDate "2009.11.07"]
[EventType "team-tourn"]
[EventRounds "7"]
[EventCountry "GER"]
[SourceTitle "CBM 133 Extra"]
[Source "ChessBase"]
[SourceDate "2010.01.05"]
[SourceVersion "1"]
[SourceVersionDate "2010.01.05"]
[SourceQuality "1"]
[WhiteTeam "Steinfurt (W)"]
[BlackTeam "Braunschweig (W)"]
[WhiteTeamCountry "GER"]
[BlackTeamCountry "GER"]

1. d4 Nf6 2. e3 d5 3. f4 Bf5 4. Bd3 Bxd3 5. Qxd3 Nbd7 6. Nd2 e6 7. Ngf3 c5 8. c3 Be7 9. 0-0 0-0 10. Ne5 Rc8 11. Rf3 Qb6 12. Rh3 Rfd8 13. Nxd7 Rxd7 14. g4 g6 15. g5 Nh5 16. Nf3 cxd4 17. exd4 Rdc7 18. Ne5 Bd6 19. Ng4 f5 20. Ne5 Bxe5 21. fxe5 Rf7 22. Rf3 f4 23. Qf1 Rcf8 24. b3 Rf5 25. Ba3 Rxg5+ 26. Kh1 Rf7 27. Bc5 Qd8 28. Bxa7 Rg4 29. Bc5 Qg5 30. c4 Qh6 31. Qh3 Qg5 32. cxd5 Rh4 33. Qg2 Ng3+ 34. Kg1 Ne2+ 35. Kf2 Rg4 36. Qh3 Nc3 37. dxe6 Ne4+ 38. Ke2 Rg2+ 39. Kd1 Rd2+ 40. Kc1 Rc7 41. e7 Qg1+ 42. Qf1 Rxc5+ 43. dxc5 1-0